Statistics for Unscramble Rush - Sports Teams

Click here to take the quiz!

General Stats

  • This quiz has been taken 45 times
  • The average score is 8 of 10

Answer Stats

ScrambledUnscrambled% Correct
yosbwoCCowboys
100%
nerhTduThunder
92%
izdWsarWizards
92%
esiguPnnPenguins
89%
tasroiPtPatriots
83%
NgsetugNuggets
78%
raBevsBraves
75%
aYsenekYankees
75%
ncauesBecrBuccaneers
72%
adIslensrIslanders
39%

Score Distribution

Percentile by Number Answered

Percent of People with Each Score

Your Score History

You have not taken this quiz